=LDR 00000nam 2200000 4500 =001 INLIS000000000027629 =005 20211207072901 =035 ##$$a 0010-061300000027629 =008 211207###########################0#ind## =041 ##$$a Ind =082 ##$$a 658.312 =090 ##$$a 658.02, Tik b =100 ##$$a Drs.H. Moh.PabunduTika =245 1#$$a Budaya organisasi dan peningkatan kinerja perusahaan, H.Moh.Pabundu Tika =260 ##$$a jakarta :$b Bumi Aksara,$c 2010 =300 ##$$a xiii,163 halaman ; $c 23 Cm. =650 #4$$a Manajemen pemasaran =850 ##$$a NBPNMAT =020 ##$$a 979-526-189-4 =084 ##$$a 656.312 Moh b =250 ##$$a cet 3 =990 ##$$a 94236/BPAP-NTB/2014 =990 ##$$a 21196933/BPAP-NTB/2014 =990 ##$$a 01201712699 =990 ##$$a 20706101 =990 ##$$a 01201900753 =990 ##$$a 01201901650 =990 ##$$a 33983398